Countries with Overseas Military Bases - Statistics

General Stats
  • This quiz has been taken 44 times
  • The average score is 15 of 19
Answer Stats
Locations Country % Correct
Cambodia, Djibouti, Tajikistan China
98%
France, Lithuania Germany
98%
Armenia, Belarus, Georgia, Ukraine, etc. Russia
98%
Djibouti, Canada, Thailand, Germany, Spain, etc. United States
98%
Canada, Germany, Norway, Sierra Leone, etc. United Kingdom
95%
Bhutan, Oman, Seychelles, Tajikistan etc. India
93%
Germany, Djibouti, Gabon, Jordan, etc. France
88%
Cyprus Greece
88%
Iraq, Tajikistan Iran
88%
Djibouti, Niger Italy
85%
Albania, Chad, Iraq, Syria, Sudan, etc. Turkey
85%
Djibouti Saudi Arabia
83%
Djibouti Japan
80%
Saudi Arabia Pakistan
80%
Syria, Azerbaijan Israel
78%
Libya, Yemen United Arab Emirates
75%
Malaysia, United Arab Emirates Australia
63%
Brunei, Thailand Singapore
43%
Kuwait Bangladesh
28%
No matching quizzes found
Score Distribution
Percent of People with Each Score
Percentile by Number Answered
Your Score History
You have not taken this quiz